000 00971nam a2200253 i 4500
001 bgj
245 0 0 _aMedieval Literature.
_nP. 1,
_pChaucer and the Alliterative Tradition : with an anthology of medieval poems and drama /
_cedited by Boris Ford.
260 _aLondon :
_bPenguin Books,
_c1990.
300 _a655 pp ;
_c20 cm.
490 1 _aThe New Pelican Guide to English Literature ;
_vvol. 1
505 _aIncludes index and bibliographical references.
650 9 _aEnglish literature
_xMiddle English
_xHistory and crititcism
_y1100-1500
650 9 _aLiterature, Medieval
_xHistory and criticism
650 9 _aEnglish literature
_xHistory and criticism
700 1 _aFORD, Boris.
_eed.
830 _aThe New Pelican Guide to English Literature
830 _aThe New Pelican Guide to English Literature ;
020 _a0140138064
040 _cBPK
041 0 _aeng
920 _a0-14-013806-4
942 _cKS
008 s uk f |000 0 eng
999 _c48997
_d48997
856 _uhttp://koha.tu.koszalin.pl/cgi-bin/koha/opac-detail.pl?biblionumber=48997
_yKatalog online BPK